| 000 | 01798nam0a22002531 4500 | ||
|---|---|---|---|
| 001 | rc\4248904 | ||
| 005 | 20130416113740.9 | ||
| 035 | _a(NLR Aleph) 008233488 | ||
| 090 |
_a8231761 _c8231761 |
||
| 100 | _a20130416d1964 |||y0rusy50 ca | ||
| 101 | 0 | _arus | |
| 102 | _aRU | ||
| 105 | _ay z ||||| | ||
| 200 | 1 |
_aПрименение твердосплавного инструмента для обработки древесины и ее заменителей _eТезисы доклада к Всесоюз. совещанию о повышении уровня производства и широком внедрении в нар. хозяйство твердосплавного и алмазного инструмента _fГос. ком. по координации науч.-исслед. работ СССР. Гос. ком. по машиностроению при Госплане СССР. Гос. ком. Совета Министров УССР по координации науч.-исслед. работ. Гос. план. комис. УССР. Укр. науч.-исслед. конструкторско-технол. ин-т синтет. сверхтвердых материалов и инструмента. Гос. науч.-исслед. ин-т алмазного инструмента и процессов алмазной обработки |
|
| 210 |
_aКиев _cИн-т техн. информации _d1964 |
||
| 215 |
_a20 с. _d20 |
||
| 300 | _aОтпеч. множит. аппаратом | ||
| 700 | 1 |
_aБакуль _bВ. Н. _gВалентин Николаевич |
|
| 701 | 1 |
_aЗахаренко _bИ. П. _gИван Павлович |
|
| 801 | 0 |
_aRU _bNLR _gpsbo |
|
| 801 | 1 |
_aRU _bELAR _2rusmarc |
|
| 852 |
_aNLR _j64-4/5507 |
||
| 942 | _cBOOK | ||
| 980 | _aNB | ||